Kilimanjaro and its people; (Record no. 123086)
[ view plain ]
| 000 -LEADER | |
|---|---|
| fixed length control field | 00837cam a22002411 4500 |
| 001 - CONTROL NUMBER | |
| control field | 9666604 |
| 003 - CONTROL NUMBER IDENTIFIER | |
| control field | ARRUPE |
| 005 - DATE AND TIME OF LATEST TRANSACTION | |
| control field | 20150826090443.0 |
| 008 - FIXED-LENGTH DATA ELEMENTS--GENERAL INFORMATION | |
| fixed length control field | 751016s1924 xx 001 0 eng |
| 010 ## - LIBRARY OF CONGRESS CONTROL NUMBER | |
| LC control number | 24013693 |
| 035 ## - SYSTEM CONTROL NUMBER | |
| System control number | (OCoLC)1708429 |
| 040 ## - CATALOGING SOURCE | |
| Original cataloging agency | DLC |
| Transcribing agency | PPiD |
| Modifying agency | DLC |
| 042 ## - AUTHENTICATION CODE | |
| Authentication code | premarc |
| 050 00 - LIBRARY OF CONGRESS CALL NUMBER | |
| Classification number | DT449.K4 |
| Item number | D8 |
| 300 ## - PHYSICAL DESCRIPTION | |
| Other physical details | plates, fold. map. |
| Dimensions | 23 cm. |
| 100 1# - MAIN ENTRY--PERSONAL NAME | |
| Personal name | Dundas, Charles, |
| Titles and other words associated with a name | Sir |
| Dates associated with a name | 1884-1956. |
| 9 (RLIN) | 18711 |
| 245 10 - TITLE STATEMENT | |
| Title | Kilimanjaro and its people; |
| Remainder of title | a history of the Wachagga, their laws, customs and legends, together with some account of the highest mountain in Africa. |
| 260 ## - PUBLICATION, DISTRIBUTION, ETC. (IMPRINT) | |
| Place of publication, distribution, etc | London, |
| Name of publisher, distributor, etc | H. F. & G. Witherby, |
| Date of publication, distribution, etc | 1924. |
| 300 ## - PHYSICAL DESCRIPTION | |
| Extent | 349 p. |
| 650 #0 - SUBJECT ADDED ENTRY--TOPICAL TERM | |
| Topical term or geographic name as entry element | Chaga (African people) |
| 9 (RLIN) | 17089 |
| 651 #0 - SUBJECT ADDED ENTRY--GEOGRAPHIC NAME | |
| Geographic name | Kilimanjaro, Mount (Tanzania) |
| 9 (RLIN) | 18712 |
| 906 ## - LOCAL DATA ELEMENT F, LDF (RLIN) | |
| a | 7 |
| b | cbc |
| c | oclcrpl |
| d | u |
| e | ncip |
| f | 19 |
| g | y-gencatlg |
| 942 ## - ADDED ENTRY ELEMENTS (KOHA) | |
| Source of classification or shelving scheme | Library of Congress Classification |
| Koha item type | Monograph ( Printed materials) |
| Withdrawn status | Lost status | Source of classification or shelving scheme | Damaged status | Not for loan | Collection code | Home library | Current library | Shelving location | Date acquired | Total Checkouts | Full call number | Barcode | Date last seen | Date checked out | Price effective from | Koha item type |
|---|---|---|---|---|---|---|---|---|---|---|---|---|---|---|---|---|
| Library of Congress Classification | Main Collection | ARRUPE LIBRARY | ARRUPE LIBRARY | Main Collection | 26/08/2015 | 1 | DT449.K4 D8 | 46500004222 | 14/10/2022 | 04/10/2022 | 26/08/2015 | Monograph ( Printed materials) |